000 00528nam a2200205Ia 4500
005 20250326143303.0
008 250326s9999 xx 000 0 und d
020 _a1-84480-040-7
037 _aTextbook
040 _aFMSL
_beng
_cFMSL
041 _aeng
_2eng
084 _aX:89A P3
_qFMSL
100 _aWild R
245 0 _aOperations management
_cWild R
250 _a6
260 _aUnited Kingdom
_bUnited Kingdom, Thomson
_c2003
300 _a869p
942 _cTB
_hX:89A P3
999 _c1298926
_d1298926